| 000 | 00533nam a2200181Ia 4500 | ||
|---|---|---|---|
| 999 |
_c11459 _d11459 |
||
| 003 | OSt | ||
| 005 | 20191218144036.0 | ||
| 008 | 190216s9999||||xx |||||||||||||| ||und|| | ||
| 020 | _a81800940208 | ||
| 040 | _coclc | ||
| 082 |
_a337 _bROY/T |
||
| 100 |
_aRoy, Barin Kumar _9566 |
||
| 245 | 0 |
_aTheory And Policy In International Economics / _cBarin Kumar Roy |
|
| 260 |
_bOrion Press International, _c2013. _aWest Bengal: |
||
| 300 | _a293p | ||
| 650 | _aEcnomics | ||
| 942 |
_cBK _2ddc _h337 _iROY/T _k337 _mROY/T |
||